Statistics for Flyover States #2

Click here to take the quiz!

General Stats

  • This quiz has been taken 53 times
  • The average score is 13 of 16

Answer Stats

cluestate% Correct
Salt Lake City, HelenaIdaho
98%
San Diego, BoiseNevada
98%
Santa Fe, Oklahoma CityTexas
98%
Columbus, RichmondWest Virginia
88%
Baltimore, Atlantic CityDelaware
85%
Wichita, AmarilloOklahoma
85%
Lake Michigan, Lake HuronMichigan
83%
Anchorage, SacramentoOregon
81%
Portland OR, CheyenneIdaho
77%
Green Bay, OmahaIowa
77%
Philadelphia, TorontoNew York
77%
Spokane, MissoulaIdaho
75%
San Jose, San JoséArizona
73%
Monterey, MonterreyArizona
67%
Mt Whitney, Grand CanyonNevada
54%
Lake Superior, Glacier National ParkNorth Dakota
46%

Score Distribution

Percentile by Number Answered

Percent of People with Each Score

Your Score History

You have not taken this quiz